New headway. (Record no. 8150)
[ view plain ]
| 000 -LEADER | |
|---|---|
| fixed length control field | 01249nam a22003375a 4500 |
| 003 - CONTROL NUMBER IDENTIFIER | |
| control field | EG-ScBUE |
| 005 - DATE AND TIME OF LATEST TRANSACTION | |
| control field | 20220807101048.0 |
| 008 - FIXED-LENGTH DATA ELEMENTS--GENERAL INFORMATION | |
| fixed length control field | 110505r20092002enka f 000 0 eng d |
| 020 ## - INTERNATIONAL STANDARD BOOK NUMBER | |
| International Standard Book Number | 9780194376334 ( Oxford English) |
| 020 ## - INTERNATIONAL STANDARD BOOK NUMBER | |
| International Standard Book Number | 0194376338 |
| 040 ## - CATALOGING SOURCE | |
| Original cataloging agency | EG-ScBUE |
| Language of cataloging | eng |
| Description conventions | rda |
| Transcribing agency | EG-ScBUE |
| Modifying agency | EG-ScBUE |
| 082 04 - DEWEY DECIMAL CLASSIFICATION NUMBER | |
| Classification number | 428.24 |
| Item number | FAL |
| Edition number | 22 |
| 100 1# - MAIN ENTRY--PERSONAL NAME | |
| Personal name | Falla, Tim, |
| Relator term | author. |
| 9 (RLIN) | 28420 |
| 245 10 - TITLE STATEMENT | |
| Title | New headway. |
| Name of part/section of a work | Beginner, |
| -- | Workbook without key / |
| Statement of responsibility, etc | Tim Falla, Liz and John Soars. |
| 250 ## - EDITION STATEMENT | |
| Edition statement | Reprinted edition. |
| 264 #1 - PUBLICATION, DISTRIBUTION, ETC. (IMPRINT) | |
| Place of publication, distribution, etc | Oxford : |
| Name of publisher, distributor, etc | Oxford University Press, |
| Date of publication, distribution, etc | 2009. |
| 300 ## - PHYSICAL DESCRIPTION | |
| Extent | 83 pages : |
| Other physical details | illustrations ; |
| Dimensions | 28 cm |
| 336 ## - CONTENT TYPE | |
| Source | rdacontent |
| Content type term | text |
| Content type code | txt |
| 337 ## - MEDIA TYPE | |
| Source | rdamedia |
| Media type term | unmediated |
| Media type code | n |
| 338 ## - CARRIER TYPE | |
| Source | rdacarrier |
| Carrier type term | volume |
| Carrier type code | nc |
| 521 ## - TARGET AUDIENCE NOTE | |
| Target audience note | For beginner learners. |
| 650 #7 - SUBJECT ADDED ENTRY--TOPICAL TERM | |
| Topical term or geographic name as entry element | English language |
| Form subdivision | Textbooks for foreign speakers. |
| Source of heading or term | BUEsh |
| 9 (RLIN) | 23634 |
| 650 #7 - SUBJECT ADDED ENTRY--TOPICAL TERM | |
| Topical term or geographic name as entry element | English language |
| General subdivision | Grammar |
| Form subdivision | Problems, exercises, etc. |
| Source of heading or term | BUEsh |
| 9 (RLIN) | 23635 |
| 651 ## - SUBJECT ADDED ENTRY--GEOGRAPHIC NAME | |
| Source of heading or term | BUEsh |
| 653 ## - INDEX TERM--UNCONTROLLED | |
| Resource For college | Humanities: English |
| Arrived date list | August2015 |
| -- | January2019 |
| 655 ## - INDEX TERM--GENRE/FORM | |
| Form subdivision | Reading book |
| 9 (RLIN) | 34232 |
| 700 1# - ADDED ENTRY--PERSONAL NAME | |
| Personal name | Soars, John, |
| Dates associated with a name | 1951- |
| Relator term | author. |
| 9 (RLIN) | 2160 |
| 700 1# - ADDED ENTRY--PERSONAL NAME | |
| Personal name | Soars, Liz, |
| Dates associated with a name | 1945- |
| Relator term | author. |
| 9 (RLIN) | 34639 |
| 856 42 - ELECTRONIC LOCATION AND ACCESS | |
| Materials specified | Online exercises |
| Uniform Resource Identifier | <a href="https://elt.oup.com/student/headway/?cc=eg&selLanguage=en">https://elt.oup.com/student/headway/?cc=eg&selLanguage=en</a> |
| 942 ## - ADDED ENTRY ELEMENTS (KOHA) | |
| Source of classification or shelving scheme | Dewey Decimal Classification |
| Koha item type | Book - Borrowing |
| Withdrawn status | Lost status | Damaged status | Not for loan | Home library | Current library | Shelving location | Date acquired | Source of acquisition | Total Checkouts | Full call number | Barcode | Date last seen | Date checked out | Price effective from | Koha item type | Source of classification or shelving scheme | Total Renewals | Collection code |
|---|---|---|---|---|---|---|---|---|---|---|---|---|---|---|---|---|---|---|
| Central Library | Central Library | Second Floor | 19/09/2007 | Purchase | 1 | 428.24 FAL | 000005796 | 15/07/2025 | 19/03/2014 | 19/09/2007 | Book - Borrowing | |||||||
| Central Library | Central Library | Second Floor | 25/02/2008 | Purchase | 2 | 428.24 FAL | 000009934 | 15/07/2025 | 26/05/2015 | Book - Borrowing | Dewey Decimal Classification | 1 | ||||||
| Central Library | Central Library | Second Floor | 27/08/2015 | Purchase | 428.24 FAL | 000006268 | 15/07/2025 | 27/08/2015 | Book - Borrowing | Dewey Decimal Classification | ||||||||
| Central Library | Central Library | Second Floor | 27/08/2015 | Purchase | 428.24 FAL | 000006267 | 15/07/2025 | 27/08/2015 | NB - Book (Non borrowing) | Dewey Decimal Classification | ||||||||
| Lost & Replaced | Central Library | Central Library | Second Floor | 27/08/2015 | Purchase | 1 | 428.24 FAL | 000006266 | 27/08/2015 | 27/08/2015 | Book - Borrowing | Dewey Decimal Classification | 6 | Baccah | ||||
| Central Library | Central Library | Second Floor | 03/03/2020 | Purchase | 1 | 428.24 FAL | 000048848 | 15/07/2025 | 28/10/2020 | 03/03/2020 | Book - Borrowing | Dewey Decimal Classification | 6 | unknown |